| 000 | 00719nam a2200253 i 4500 | ||
|---|---|---|---|
| 001 | 5387 | ||
| 003 | ES-MaACL | ||
| 005 | 20240205165135.0 | ||
| 007 | t| | ||
| 008 | 880609s1981 sp a ||||0|bcat d | ||
| 020 | _a84-343-0328-0 | ||
| 080 | _a7 Picasso | ||
| 080 | _a75(46)"1881/1973" Picasso | ||
| 080 | _a92 Picasso | ||
| 100 | 1 |
_aPalau i Fabre, Josep. _988498 |
|
| 245 | 1 | 0 |
_aPicasso / _cJosep Palau i Fabre. |
| 260 |
_aBarcelona : _bPoligrafa, _cD.L.1981. |
||
| 300 |
_a20 p., 1 h., 52 h.de lam. ; _c30 cm. |
||
| 500 | _aTexto en catalan. | ||
| 500 | _aIndice. | ||
| 600 | 1 | 4 |
_aPicasso, Pablo, _d1881-1973 _991794 |
| 852 |
_aES-MaACL _jL-12162 _bR.114952 _z. - Cart. |
||
| 999 |
_c5387 _d5387 |
||